00750nam a2200193Ia 4500008004000000020001800040082001500058100004200073245003500115250000500150260006100155300001700216650001600233690002500249906001100274999001700285952012700302952012700429210210b1995 xxu||||| |||| 00| 0 eng d a81 203 0930 8 a658.8 KOTP aKOTLER (Philip) and ARMSTRONG (Gary). aPrinciples of marketing. Ed 6. a aNew Delhi.bPrentice-Hall of India Private Limitedc1995 axix,692,I-24 aMarketing  aMarketing Management a050614 c99510d99510 001040708ManagementaALbALcManagementd2021-02-17g250.00l0o658.8 KOTPp050614r2021-02-17 00:00:00w2021-02-17yBK 001040708ManagementaALbALcManagementd2021-02-17g250.00l0o658.8 KOTPp050615r2021-02-17 00:00:00w2021-02-17yBK